Út Európának Épül az E5-ös /
Elmentve itt :
| Szerző: | |
|---|---|
| Dokumentumtípus: | Cikk |
| Megjelent: |
1971-05-23
|
| Sorozat: | Délmagyarország
61 No. 120 |
| Kulcsszavak: | utak |
| Online Access: | http://dmarchiv.bibl.u-szeged.hu/109672 |
| LEADER | 00449nab a2200157 i 4500 | ||
|---|---|---|---|
| 001 | delm109672 | ||
| 005 | 20190423084130.0 | ||
| 008 | 190423s1971 hu o 0|| hun d | ||
| 040 | |a SZTE Délmagyarország Archívum |b hun | ||
| 041 | |a hun | ||
| 100 | 1 | |a Szávay István | |
| 245 | 1 | 0 | |a Út Európának |h [elektronikus dokumentum] : |b Épül az E5-ös / |c Szávay István |
| 260 | |c 1971-05-23 | ||
| 300 | |a 1 | ||
| 490 | 0 | |a Délmagyarország |v 61 No. 120 | |
| 695 | |a utak | ||